<?xml version="1.0" encoding="UTF-8"?>
<record
    xmlns:xsi="http://www.w3.org/2001/XMLSchema-instance"
    xsi:schemaLocation="http://www.loc.gov/MARC21/slim http://www.loc.gov/standards/marcxml/schema/MARC21slim.xsd"
    xmlns="http://www.loc.gov/MARC21/slim">

  <leader>03452nam a2200553Ia 4500</leader>
  <controlfield tag="001">1358</controlfield>
  <controlfield tag="008">241029s9999    xx            000 0 und d</controlfield>
  <datafield tag="010" ind1=" " ind2=" ">
    <subfield code="a">1263</subfield>
  </datafield>
  <datafield tag="041" ind1=" " ind2=" ">
    <subfield code="a">Espa&#xF1;ol</subfield>
  </datafield>
  <datafield tag="082" ind1=" " ind2=" ">
    <subfield code="a">ST, MA-MICE, 0003, FH, 2005</subfield>
  </datafield>
  <datafield tag="245" ind1=" " ind2="0">
    <subfield code="a">Aplicaci&#xF3;n del enfoque funcional y comunicativo en la ense&#xF1;anza de la Lengua Espa&#xF1;ola, en el Nivel Medio de Educaci&#xF3;n Privada, en Santo Domingo. Caso: Colegios San Judas Tadeo y Adventista Ozama. A&#xF1;o escolar 2002-2003.</subfield>
  </datafield>
  <datafield tag="260" ind1=" " ind2=" ">
    <subfield code="a">Santo Domingo</subfield>
  </datafield>
  <datafield tag="300" ind1=" " ind2=" ">
    <subfield code="a">127</subfield>
  </datafield>
  <datafield tag="520" ind1=" " ind2=" ">
    <subfield code="a">1</subfield>
  </datafield>
  <datafield tag="630" ind1=" " ind2=" ">
    <subfield code="a">Educaci&#xF3;n Privada</subfield>
  </datafield>
  <datafield tag="630" ind1=" " ind2=" ">
    <subfield code="a">Ense&#xF1;anza</subfield>
  </datafield>
  <datafield tag="630" ind1=" " ind2=" ">
    <subfield code="a">Nivel Medio</subfield>
  </datafield>
  <datafield tag="650" ind1=" " ind2=" ">
    <subfield code="a">Calidad Docente</subfield>
  </datafield>
  <datafield tag="690" ind1=" " ind2=" ">
    <subfield code="a">Elaborado</subfield>
  </datafield>
  <datafield tag="700" ind1=" " ind2=" ">
    <subfield code="e">asesor</subfield>
    <subfield code="a">De Los Santos , Julio</subfield>
  </datafield>
  <datafield tag="700" ind1=" " ind2=" ">
    <subfield code="e">autor</subfield>
    <subfield code="a">Ariza Jim&#xE9;nez , Martha</subfield>
  </datafield>
  <datafield tag="700" ind1=" " ind2=" ">
    <subfield code="e">autor</subfield>
    <subfield code="a">Penn Hungr&#xED;a, Carlota</subfield>
  </datafield>
  <datafield tag="901" ind1=" " ind2=" ">
    <subfield code="a">{"1":"Ariza Jim&#xE9;nez ","2":"Penn Hungr&#xED;a"}</subfield>
    <subfield code="b">{"1":"Martha","2":"Carlota"}</subfield>
  </datafield>
  <datafield tag="902" ind1=" " ind2=" ">
    <subfield code="a">1</subfield>
  </datafield>
  <datafield tag="903" ind1=" " ind2=" ">
    <subfield code="a">{"1":"De Los Santos "}</subfield>
    <subfield code="b">{"1":"Julio"}</subfield>
  </datafield>
  <datafield tag="904" ind1=" " ind2=" ">
    <subfield code="a">Maestr&#xED;a en</subfield>
  </datafield>
  <datafield tag="905" ind1=" " ind2=" ">
    <subfield code="a">Metodolog&#xED;a de la Investigaci&#xF3;n Cient&#xED;fica y Epistemolog&#xED;a</subfield>
  </datafield>
  <datafield tag="906" ind1=" " ind2=" ">
    <subfield code="a">2</subfield>
  </datafield>
  <datafield tag="907" ind1=" " ind2=" ">
    <subfield code="a">NO APLICA</subfield>
  </datafield>
  <datafield tag="908" ind1=" " ind2=" ">
    <subfield code="a">NO APLICA</subfield>
  </datafield>
  <datafield tag="909" ind1=" " ind2=" ">
    <subfield code="a">Universidad Aut&#xF3;noma de Santo Domingo (UASD)</subfield>
  </datafield>
  <datafield tag="910" ind1=" " ind2=" ">
    <subfield code="a">NULL</subfield>
    <subfield code="b">NULL</subfield>
  </datafield>
  <datafield tag="911" ind1=" " ind2=" ">
    <subfield code="a">["1"]</subfield>
  </datafield>
  <datafield tag="912" ind1=" " ind2=" ">
    <subfield code="a">NO APLICA</subfield>
  </datafield>
  <datafield tag="913" ind1=" " ind2=" ">
    <subfield code="a">NULL</subfield>
  </datafield>
  <datafield tag="914" ind1=" " ind2=" ">
    <subfield code="a">01 de Marzo de 2005</subfield>
  </datafield>
  <datafield tag="915" ind1=" " ind2=" ">
    <subfield code="a">13/11/19 10:11</subfield>
  </datafield>
  <datafield tag="916" ind1=" " ind2=" ">
    <subfield code="a">NULL</subfield>
  </datafield>
  <datafield tag="917" ind1=" " ind2=" ">
    <subfield code="a">NULL</subfield>
  </datafield>
  <datafield tag="918" ind1=" " ind2=" ">
    <subfield code="a">NO APLICA</subfield>
  </datafield>
  <datafield tag="919" ind1=" " ind2=" ">
    <subfield code="a">["80","202","240"]</subfield>
  </datafield>
  <datafield tag="520" ind1=" " ind2=" ">
    <subfield code="a">Dentro de los objetivos que se plante&#xF3; el estudio, el principal fue: determinar hasta qu&#xE9; nivel se ha aplicado el enfoque funcional y comunicativo en la ense&#xF1;anza de la Lengua Espa&#xF1;ola en los estudiantes de los Grados 1ro. y 2do., del Primer Ciclo, del Nivel Medio, de las Instituciones Privadas, previamente seleccionadas; caso Colegios San Judas Tadeo y Adventista Ozama.Esta investigaci&#xF3;n fue de car&#xE1;cter descriptivo y el m&#xE9;todo elegido fue el comparativo. El universo estuvo constituido por trescientos (300) estudiantes, en su totalidad para ambas Instituciones. La muestra escogida fue del 50% del universo, o sea ciento cincuenta (150) estudiantes. De igual manera, se aplic&#xF3; una encuesta a los/as profesores/as de los Centros de estudio investigados, doce (12) profesores en total, seis (6) de cada Instituci&#xF3;n.Dentro de las conclusiones presentadas se se&#xF1;ala, que los/as maestros/as encuestados/as presentan preparaci&#xF3;n acad&#xE9;mica y que, casi en su mayor&#xED;a, son profesionales en el &#xE1;rea de ense&#xF1;anza de Espa&#xF1;ol a Nivel Medio, pero, al momento de aplicaci&#xF3;n de la ense&#xF1;anza, presentan algunas dificultades. Por otra parte, tambi&#xE9;n se resalta que las dificultades que se presentan en la ense&#xF1;anza de la materia radican en que las estrategias de ense&#xF1;anza no son manejables por el momento.Como parte de sus recomendaciones, el estudio indica que el Ministerio de Educaci&#xF3;n est&#xE1; en la obligaci&#xF3;n de verificar, orientar y evaluar a qu&#xE9; nivel se est&#xE1; aplicando el enfoque funcional y comunicativo en la ense&#xF1;anza de la Lengua Espa&#xF1;ola, para ver en qu&#xE9; medida se han logrado las diferentes capacidades y orientaciones a los/as profesores/as, d&#xE1;ndoles un seguimiento adecuado y haciendo evaluaciones constantes, para que con estas orientaciones se les d&#xE9; una consolidaci&#xF3;n a la transformaci&#xF3;n curricular.</subfield>
  </datafield>
  <datafield tag="921" ind1=" " ind2=" ">
    <subfield code="a">16</subfield>
  </datafield>
  <datafield tag="922" ind1=" " ind2=" ">
    <subfield code="a">16</subfield>
  </datafield>
  <datafield tag="923" ind1=" " ind2=" ">
    <subfield code="a">0</subfield>
  </datafield>
  <datafield tag="924" ind1=" " ind2=" ">
    <subfield code="a">NO APLICA</subfield>
  </datafield>
  <datafield tag="942" ind1=" " ind2=" ">
    <subfield code="c">Tesis</subfield>
  </datafield>
  <datafield tag="999" ind1=" " ind2=" ">
    <subfield code="c">1263</subfield>
    <subfield code="d">1263</subfield>
  </datafield>
</record>
